Tender prices significantly outstrip inflation (Record no. 72302)

MARC details
000 -LEADER
fixed length control field 01399cam a2200241 4500
001 - CONTROL NUMBER
control field WB3910-01
008 - FIXED-LENGTH DATA ELEMENTS--GENERAL INFORMATION
fixed length control field 030313n2003 000 0 eng u
035 ## - SYSTEM CONTROL NUMBER
System control number (Sirsi) u121620
245 ## - TITLE STATEMENT
Title Tender prices significantly outstrip inflation
260 ## - PUBLICATION, DISTRIBUTION, ETC.
Date of publication, distribution, etc. 2003
490 ## - SERIES STATEMENT
Series statement BCIS Press Release
Volume/sequential designation March 2003, (2)
520 ## - SUMMARY, ETC.
Summary, etc. The Building Cost Information Service's (BCIS) latest tender price index and forecast to first quarter 2005 shows that new construction work prices are continuing to outstrip inflation significantly with tender prices rising in the year to the fourth quarter 2002 by 9% compared with 2.7% general inflation. Tender prices rose also by 1.6% between the third and fourth quarters 2002. BCIS forecasts that new work output should continue to expand in 2003 rising well above the long term trend rate. In 2004, growth in new work output is likely to be above trend, albeit closer to it. "BCIS indices and forecasts" and "BCIS quarterly review of building prices" are subscription services but individual issues can be purchased t+ 44 (0) 20 7695 1500, [email protected] or visit http://www.bcis.co.uk/
590 ## - LOCAL NOTE (RLIN)
Local note WB
650 ## - SUBJECT ADDED ENTRY--TOPICAL TERM
Topical term or geographic name entry element BCIS
650 ## - SUBJECT ADDED ENTRY--TOPICAL TERM
Topical term or geographic name entry element CONSTRUCTION FORECASTS
650 ## - SUBJECT ADDED ENTRY--TOPICAL TERM
Topical term or geographic name entry element BCIS
650 ## - SUBJECT ADDED ENTRY--TOPICAL TERM
Topical term or geographic name entry element TENDER PRICES
650 ## - SUBJECT ADDED ENTRY--TOPICAL TERM
Topical term or geographic name entry element BCIS ALL-IN TENDER PRICE INDEX
650 ## - SUBJECT ADDED ENTRY--TOPICAL TERM
Topical term or geographic name entry element INFLATION
650 ## - SUBJECT ADDED ENTRY--TOPICAL TERM
Topical term or geographic name entry element NEW CONSTRUCTION
690 ## - LOCAL SUBJECT ADDED ENTRY--TOPICAL TERM (OCLC, RLIN)
Topical term or geographic name as entry element BUILT ENVIRONMENT
942 ## - ADDED ENTRY ELEMENTS (KOHA)
Suppress in OPAC 0
Holdings
Withdrawn status Lost status Source of classification or shelving scheme Damaged status Not for loan Home library Current library Shelving location Date acquired Total Checkouts Full call number Barcode Date last seen Copy number Price effective from Koha item type
    Dewey Decimal Classification     London London News article 13/03/2003   WB3910-01 121620-1001 06/08/2019 1 06/08/2019 News article